من يجرؤ علي الكلام : (Record no. 14391)
[ view plain ]
| 000 -الفاتح | |
|---|---|
| حقل البيانات ثابتة الطول | 00972nam a22001817a 4500 |
| 008 - عناصر البيانات ثابتة الطول - معلومات عامة | |
| حقل البيانات ثابتة الطول | 100706t1985 xxu||||| |||| 00| 0 ara d |
| 082 ## - رقم تصنيف ديوى العشرى | |
| رقم الطبعة | 22 |
| رقم التصنيف | 320.54 |
| رقم المادة | ف ن د |
| 100 1# - المدخل الرئيسى - إسم شخصى | |
| 9 (RLIN) | 15944 |
| الإسم الشخصى | فندلي، بول |
| 245 ## - بيان العنوان | |
| العنوان | من يجرؤ علي الكلام : |
| بقية العنوان | اللوبي الصهيوني وسياسات أمريكا الداخلية والخارجية / |
| بيان المسئوليه,etc | بول فندلي . |
| 260 ## - PUBLICATION, DISTRIBUTION, ETC. (IMPRINT) | |
| مكان الناشر او الموزع | بيروت : |
| اسم الناشر او الموزع | شركة المطبوعات للتوزيع والنشر، |
| تاريخ النشر أو التوزيع | 1985. |
| 300 ## - الوصف المادى | |
| التعداد | 578 ص : |
| تفاصيل ماديه اخرى للوعاء | ايض ؛ |
| أبعاد الوعاء | 24 سم. |
| 504 ## - تبصرة ببليوجرافية | |
| تبصرة ببليوجرافية,الخ | يحتوي علي ارجاعات ببليوجرافية. |
| 541 ## - تبصرة المصدر المباشر للتزويد | |
| مصدر التزويد | ألف باء ؛ |
| طريقة التزويد | شراء ؛ |
| 650 0# - المدخل الاضافى بالموضوع-مصطلح موضوعى | |
| 9 (RLIN) | 13307 |
| مصطلح موضوعي أو اسم جغرافي كعنصر مدخل | الصهيونية |
| 650 0# - المدخل الاضافى بالموضوع-مصطلح موضوعى | |
| 9 (RLIN) | 16849 |
| مصطلح موضوعي أو اسم جغرافي كعنصر مدخل | الولايات المتحدة الأمريكية |
| مصطلح موضوعي تابع لاسم جغرافي كعنصر مدخل | السياسة الخارجية |
| 942 ## - عناصر المدخل الإضافي( كوها) | |
| مصدر التصنيف او مخطط الترفيف | Dewey Decimal Classification |
| Koha [default] item type | Book - Borrowing |
| حالة التراجع | حالة الفقد | مصدر التصنيف او خطة الترفيف | حالة تلف | ليس للاعارة | مجموعات كوها | المكان الدائم | المكان الحالي | موقع الترفيف | تاريخ الاكتساب | Source of acquisition | رقم الاستدعاء | الباركود | Date last seen | نوع الوعاء |
|---|---|---|---|---|---|---|---|---|---|---|---|---|---|---|
| Dewey Decimal Classification | Alef-Baa | Central Library | Central Library | First floor | 06/07/2010 | 320.54 ف ن د | 000021332 | 15/07/2025 | Book - Borrowing |